Normal view
MARC view
- Blanchard, Kenneth H.,
Entry Personal Name
001 - CONTROL NUMBER
- control field: 7644
003 - CONTROL NUMBER IDENTIFIER
- control field: NUST
005 - DATE AND TIME OF LATEST TRANSACTION
- control field: 20171227104154.0
008 - FIXED-LENGTH DATA ELEMENTS
- fixed length control field: 171227|| aca||aabn | a|a d
040 ## - CATALOGING SOURCE
- Original cataloging agency: NUST
- Transcribing agency: NUST
100 ## - HEADING--PERSONAL NAME
- Personal name: Blanchard, Kenneth H.,
- Relator term: joint author.
670 ## - SOURCE DATA FOUND
- Source citation: Work cat.: (NUST)0: Hersey, Paul. 7643, Management of organizational behavior :, 1977.
